00441nam a2200145Ia 4500008004100000040001900041041001200060082002700072100002700099245006900126260003900195300002800234650002300262850001000285131103s9999 xx 000 0 und d aLoreto College aEnglish a891.7/SOLbLCLIB/21567 aSolzhenitsyn,Alexander a01/08/2014cAlexander Solzhenitsyn; translated by Michael Glenny aHarmondsworthbPenguin Booksc1974 aillus.,4 maps c 18 cm. aRussian Literature aLCLIB